000 00816cam a2200241 i 4500
999 _c58100
_d58100
001 19806439
005 20240415112449.0
008 170720s2019 enka b 001 0 eng
020 _a9781316626719x
041 _aeng
080 _a616.89-008.434 C-80
100 1 _aCummings, Louise
_911970
245 1 0 _aSpeech and language therapy :
_ba primer /
_cLouise Cummings.
264 1 _aNew York, NY :
_bCambridge University Press,
_c2019.
300 _a421 pages :
_billustrations ;
_c25 cm.
653 _aმეტყველების და ენის თერაპია
653 _aმედიცინა
653 _aМедицина
653 _aРечевая и языковая терапия
653 _aლოგოპედია
653 _aЛогопедия
942 _2udc
_cBK